| 000 | 00680nam a2200205Ia 4500 | ||
|---|---|---|---|
| 005 | 20260114155023.0 | ||
| 008 | 008 250103s9999 xx 000 0 eng d | ||
| 037 | _aTheses | ||
| 040 |
_aCRL _beng _cCRL |
||
| 041 |
_aeng _2eng |
||
| 084 | _qCRL | ||
| 100 |
_aBajaj Chandni Au. _9869946 |
||
| 245 | 0 | _aDesign and Analysis of Resonant Antennas for RFID Applications | |
| 260 |
_aDelhi _bUniversity of Delhi. Faculty of Technology. Deptt. of Electronics and Communication Engineering _c2024 |
||
| 300 | _a178p. | ||
| 650 |
_aElectronic Science _9869947 |
||
| 700 |
_a Upadhyay Dharmendra Kumar Gu. Kanaujia Binod Kumar Gu. _9869948 |
||
| 942 | _cTH | ||
| 999 |
_c1469692 _d1469692 |
||